| 000 | 00881nam a2200217 a 4500 | ||
|---|---|---|---|
| 008 | 120416s2001 ||||||||||||||||| || u | ||
| 020 | _a0750648627 | ||
| 050 | _aT 58.6 Whi | ||
| 100 | _aWhite, Terry, 1956- | ||
| 245 | 1 | 0 | _aReinventing the IT department. |
| 260 |
_aOxford: _bButterworth - Heinemann _c2001 |
||
| 300 | _axv, 356p.: ill. | ||
| 350 | _a0.00 | ||
| 490 | _aComputer weekly professional series | ||
| 500 | _aIncludes bibliographical references and index. | ||
| 650 | _aINFORMATION TECHNOLOGY | ||
| 650 | _aELECTRONIC DATA PROCESSING DEPARTMENTS--MANAGEMENT | ||
| 856 | _uhttp://www.loc.gov/catdir/toc/els031/2001281318.html | ||
| 856 | _uhttp://www.loc.gov/catdir/description/els031/2001281318.html | ||
| 995 |
_D0.00 _FCBU-MAIN LIBRARY (Kitwe) _H1 _I37.75 _M1 _UAVAILABLE _ZMain Library Open Access Collection |
||
| 999 |
_c55997 _d55997 |
||